Historicidad de los primeros ganados en Costa Rica /

保存先:
書誌詳細
第一著者: Dávila Cubero, Carlos
フォーマット: 不明
言語:Spanish
主題:
タグ: タグ追加
タグなし, このレコードへの初めてのタグを付けませんか!

MARC

LEADER 000000000a22000000004500
001 007869
041 0 |a spa 
100 1 |a Dávila Cubero, Carlos 
245 1 0 |a Historicidad de los primeros ganados en Costa Rica /   |c Carlos Dávila Cubero. 
310 |a Semestral 
650 4 |a GANADO 
650 4 |a HISTORIA 
650 4 |a COSTA RICA 
773 0 |d San José, Costa Rica : Editorial de la Universidad de Costa Rica  |t Herencia  |g volumen 2, número 1 (1990), páginas 33-39 
942 |c ARC 
999 |c 14735  |d 14735